| 000 | 00587nam a2200193 a 4500 | ||
|---|---|---|---|
| 001 | 24662 | ||
| 003 | CO-ViMGA | ||
| 008 | 141112s2004 ck r 000 u spa d | ||
| 020 | _a9789684039049 | ||
| 040 |
_aCO-ViMGA _bspa _cCO-ViMGA |
||
| 082 | 0 | 4 | _aSANc |
| 100 | 1 |
_aSantana, Gabriela de los Ángeles _936754 |
|
| 245 | 1 | 0 |
_aCuentos fantásticos de la selva / _cGabriela de los Ángeles Santana |
| 260 |
_aMéxico : _bSelector, _c1996 |
||
| 300 | _a168 p. | ||
| 490 | _aLiteratura infantil y juvenil | ||
| 505 | _aCuentos infantiles \ Animales - literatura infantil | ||
| 942 |
_2ddc _cBK |
||
| 999 |
_c32473 _d32473 |
||